01643nam a2200301uu 450000100070000000500170000700700100002400800410003403500110007504000130008604100080009908000080010710000530011524501260016826000430029430000180033752005850035565000470094065000280098765000280101565000440104370000530108794200100114099900190115050200120116952600080118195201520118996745120260507072539.0cr|||||||060316s2006 spa  a967451 ccomduadb aspa aELI10aEcheverry Arenas, Lina María4auteaut941666410aRecomendaciones para la elaboración de investigaciones de mercado con enfoque experiencial en empresas de venta directa aMedellín :b[sin publicador],c2006. a119 páginas3 aEn el presente trabajo se explican los elementos centrales del marketing emocional aplicados en una canal de venta directa, se señalan los objetivos y principios fundamentales de esta disciplina, así como una propuesta de aplicación en la investigación cualitativa de mercados como un instrumento a través del cual se conozcan los aspectos más relevantes para los compradores (as), pues al constituir la fuerza de ventas, comprender su comportamiento, facilita el desarrollo de estrategias de motivación para garantizar el mantenimiento y crecimiento del esténcil. 7aInvestigación de mercados2armarc963473 aVentas directas9153337 aMercadeo - Casos931643 7aInvestigación cualitativa2dcs93916610aCano Bustamanete, Lina María4thseths9437451 cTESIS c379113d379113 b193c17 a195 001040708TESDIGaCENDIbCENDId2022-07-06eMaterial adquirido por donacióniC13324525l0oELI 02654r2023-04-26 00:00:00t1w2023-04-26yINTER